000 01015cam a22003857a 4500
001
003 OSt
005 20220107122803.0
008 110621s2012 enka b 001 0 eng d
010 _a
015 _a
_2
016 7 _a
_2
020 _a9788120321861
020 _a
035 _a
040 _a
_cIIITMK
042 _a
050 0 0 _b
050 1 4 _b
082 0 4 _a006.32 RAJ/N
_2
100 1 _aRajasekaran, S.
_97269
245 1 0 _aNeural networks, fuzzy logic and genetic algorithms:
_bSynthesis and applications
_cS. Rajasekaran and G. A. Vijayalekshmi Pai
260 _aDelhi,
_bPHI Learning,
_c2015.
300 _axvi, 439p.
_b CD
_c
650 0 _aCOMPUTER SCIENCE
_910883
650 0 _aARTIFICIAL INTELLIGENCE
_910884
650 0 _aNEURAL NETWORKS
_97271
650 0 _aFUZZY LOGIC
_97272
650 0 _aGENETIC ALGORITHMS
_97273
650 0 _aSOFT COMPUTING
_97274
700 _aVijayalakshmi Pai, G. A.
_97275
942 _2ddc
_cBK
999 _c4772
_d4772